• 首页
  • 本馆介绍
  • 公告通知
  • 最新文献
  • 馆藏检索
  • 电子资源
  • 读者导购
  • 参考咨询
  • 我的图书馆
  • 登录
  • 详细信息显示
  • 放入我的书架
  • 预约/预借图书
  • 作者相关作品
  • 分类相关作品
  • 丛书相关作品
  • 出版社相关作品

书目信息

  • 表格格式
  • 工作单格式
  • 卡片格式
题名:
亚洲发展中国家的义务教育
    
 
作者: 王英杰 著
分册:  
出版信息: 北京   人民教育出版社  1998
页数: 470页
开本: 20cm
丛书名: 比较教育丛书
单 册:
中图分类: G512.3
科图分类:
主题词: 发展中国家--义务教育--研究--亚洲 , 发展中国家 , 义务教育
电子资源:
ISBN: 7-107-12838-8
000 00850oam2 2200265 450
001 1256320380
005 20121006153946.56
010    @a7-107-12838-8@dCNY27.70
100    @a19990430d1998 kemy0chiy0110 ea
101 0  @achi
102    @aCN@b110000
105    @ay z 000yy
200 1  @a亚洲发展中国家的义务教育@Aya zhou fa zhan zhong guo jia de yi wu jiao yu@f王英杰等著
210    @a北京@c人民教育出版社@d1998
215    @a470页@d20cm
225 2  @a比较教育丛书
300    @a由课程教材研究所委托中国教育学会比较教育分会组织编写 人民教育出版社资助出版 全国教育科学“八五”国家重点课题
461  0 @12001 @a比较教育丛书
606 0  @a发展中国家@x义务教育@x研究@y亚洲
606 0  @a发展中国家
606 0  @a义务教育
690    @aG512.3@v3
701  0 @a王英杰@Awang ying jie@4著
801  0 @aCN@bNLC@c20101222
905    @a10447@dG512.3@eJY30
    
    亚洲发展中国家的义务教育/王英杰等著.-北京:人民教育出版社,1998
    470页;20cm.-(比较教育丛书)
    由课程教材研究所委托中国教育学会比较教育分会组织编写 人民教育出版社资助出版 全国教育科学“八五”国家重点课题
    
    ISBN 7-107-12838-8:CNY27.70
    
●
相关链接 在E读中查询图书 在五车中查询图书 在当当中查询图书 在豆瓣中查询图书


正题名:亚洲发展中国家的义务教育     索取号:G512.3/JY30         预约/预借

序号 登录号 条形码 馆藏地/架位号 状态 备注
1 7807514   278075146   学院路分馆/ [索取号:G512.3/JY30] 在馆    
2 7807515   278075155   学院路分馆/ [索取号:G512.3/JY30] 在馆    
3 7807516   278075164   学院路分馆/ [索取号:G512.3/JY30] 在馆    
4 7807517   278075173   学院路分馆/ [索取号:G512.3/JY30] 在馆    
唐山师范学院图书馆 欢迎您!
大连网信软件有限公司© 版权所有